| 000 | 00640nam a2200193 i 4500 | ||
|---|---|---|---|
| 001 | 33433 | ||
| 003 | ES-MaACL | ||
| 005 | 20230906154745.0 | ||
| 007 | t| | ||
| 008 | 030202s1972 sp ||||1| baq d | ||
| 130 | 0 |
_aBiblia. _lVasco. _9119316 |
|
| 245 | 1 | 0 |
_aBible saindua _b: = La Santa Biblia / _cversión euskérica de la Vulgata por el Capitán Duvoisin ; prólogo por Lino de Aquesolo. |
| 260 |
_aBilbao : _bLa Gran Enciclopedia Vasca, _c1972. |
||
| 300 |
_a3 v., 179 lám. ; _c23 cm. |
||
| 700 | 1 |
_aDuvoisin. _946392 |
|
| 700 | 1 |
_aAquesolo, Lino de. _922132 |
|
| 740 | 3 | _aLa Santa Biblia. | |
| 852 |
_aES-MaACL _jC-53836-8 _bR.86671 |
||
| 999 |
_c33433 _d33433 |
||